<?xml version="1.0" encoding="UTF-8"?>
<collection xmlns="http://www.loc.gov/MARC21/slim">
 <record>
  <leader>00972nam a22002055a 4500</leader>
  <controlfield tag="001">CEM.cems017538</controlfield>
  <controlfield tag="005">20110509113229.0</controlfield>
  <controlfield tag="008">130507s2001##################000#0#####d</controlfield>
  <controlfield tag="003">CEMS</controlfield>
  <datafield tag="020" ind1=" " ind2=" ">
   <subfield code="a">8420008818</subfield>
  </datafield>
  <datafield tag="082" ind1="0" ind2="4">
   <subfield code="a">638.15</subfield>
  </datafield>
  <datafield tag="100" ind1="1" ind2=" ">
   <subfield code="a">Ritter, Wolfgang</subfield>
  </datafield>
  <datafield tag="245" ind1="1" ind2="0">
   <subfield code="a">Enfermedades de las abejas /</subfield>
   <subfield code="c">Wolfgang Ritter</subfield>
  </datafield>
  <datafield tag="260" ind1=" " ind2=" ">
   <subfield code="a">Zaragoza :</subfield>
   <subfield code="b">Acribia,</subfield>
   <subfield code="c">2001</subfield>
  </datafield>
  <datafield tag="300" ind1=" " ind2=" ">
   <subfield code="a">146 p.</subfield>
  </datafield>
  <datafield tag="505" ind1="0" ind2=" ">
   <subfield code="a">Anatomía y fisiología de la abeja -- La colmena -- Plan de diagnóstico -- Prevención de las enfermedades -- Descubirmiento de la enfermedad -- Lucha contra la enfermedad -- Enfermedades de la cría -- Enfermedades de las abejas adultas -- Envenenamientos -- Malformaciones y anomalías -- Plagas de las abejas -- Disposiciones legales -- Modelo de cuestionario a diligenciar en la investigación de un envenenamiento de abejas</subfield>
  </datafield>
  <datafield tag="653" ind1=" " ind2=" ">
   <subfield code="a">Abejas</subfield>
  </datafield>
  <datafield tag="653" ind1=" " ind2=" ">
   <subfield code="a">Abejas-enfermedades</subfield>
  </datafield>
  <datafield tag="653" ind1=" " ind2=" ">
   <subfield code="a">Apicultura</subfield>
  </datafield>
  <datafield tag="859" ind1=" " ind2=" ">
   <subfield code="a">CEMS</subfield>
   <subfield code="b">BIB. CEMS - Agricultura</subfield>
   <subfield code="h">638.15</subfield>
   <subfield code="i">R614</subfield>
   <subfield code="p">A1322.11</subfield>
   <subfield code="t">Ej.1</subfield>
  </datafield>
 </record>
</collection>
